000 00521nam a2200181Ia 4500
005 20250508153437.0
008 008 250505s9999 xx 000 0 eng d
037 _aBooks to be hide in OPAC
040 _aFEDL
_beng
_cFEDL
041 _aeng
_2eng
084 _a379.1531, UNI/O
_qFEDL
100 _aHall Morrill M
_9764028
245 0 _aProvision governing membership on : Local boards of education
260 _c1957
300 _a66p.
942 _cHB
_h379.1531, UNI/O
999 _c1342925
_d1342925